MARC

LEADER 00000nam2a2200000 4500
001 32817
005 20231030205403.0
035 |a (RuTPU)RU\TPU\book\33120 
035 |a BOOK00000037 
090 |a 32817 
100 |a 20011210d1972 km y0rusy50 ca 
101 1 |a rus  |c fre 
102 |a RU 
105 |a a z 001zy 
200 0 |a Т. 2 
210 |d 1972 
215 |a 528 с. 
320 |a Предм. указ.: с. 522-524. 
461 1 |0 (RuTPU)RU\TPU\book\192270  |t Анализ  |o в 2 т: пер. с фр.  |f Л. Шварц  |v Т. 2  |d 1972 
610 1 |a математика 
610 1 |a математический анализ 
610 1 |a дифференциальные уравнения 
610 1 |a дифференциальные исчисления 
610 1 |a многообразия 
610 1 |a интегральное исчисление 
610 1 |a аффинные пространства 
610 1 |a формула Стокса 
610 1 |a интегралы 
610 1 |a функции комплексной переменной 
610 1 |a мероморфные функции 
610 1 |a формулы 
675 |a 517  |v 3 
801 0 |a RU  |b 63413507  |c 20011210  |g PSBO 
801 2 |a RU  |b 63413507  |c 20190625  |g PSBO 
942 |c BK